| 000 | 03320cam a22003737i 4500 | ||
|---|---|---|---|
| 999 |
_c8118 _d8118 |
||
| 001 | 18395971 | ||
| 003 | OSt | ||
| 005 | 20200110155519.0 | ||
| 008 | 141204s2014 ii b 001 0 eng d | ||
| 010 | _a 2014497077 | ||
| 020 | _a9788177083880 hbk | ||
| 020 | _a8177083880 hbk | ||
| 035 | _a(OCoLC)ocn897031607 | ||
| 040 |
_aUK-RwCLS _beng _coclc _erda _dOCLCO _dDLC |
||
| 042 | _alccopycat | ||
| 043 | _aa-ii--- | ||
| 050 | 0 | 0 |
_aHV6344.I4 _bS87 2014 |
| 082 | 0 | 4 |
_a364.13380954 _223 _bSUR/B |
| 100 |
_aSury, M M _eauthor. _9942 |
||
| 245 | 1 | 0 |
_aBlack money and tax evasion in India : _bmagnitude, problems and policy measures / _c M.M. Sury. |
| 264 | 1 |
_aNew Delhi, India : _bNew Century Publications, _c2014. |
|
| 300 |
_axv, 210 pages ; _c23 cm |
||
| 336 |
_atext _btxt _2rdacontent |
||
| 337 |
_aunmediated _bn _2rdamedia |
||
| 338 |
_avolume _bnc _2rdacarrier |
||
| 504 | _aIncludes bibliographical references (pages 199-202) and index. | ||
| 520 | _aIn recent years, the issue of corruption and black money has come in the forefront after a series of financial scandals. Generation of black money - and its stashing abroad in tax havens and offshore financial centres - has dominated discussions and debate in public fora during the recent past. Members of Parliament, the Supreme Court of India and the public at large have unequivocally expressed concern on the issue, particularly after some reports suggested enormous estimates of such unaccounted wealth being held abroad. After uproar in Parliament, Government of India came out with a White Paper on Black Money in May 2012. The White Paper presented the different facets of black money and its complex relationship with policy and administrative regime in the country. It also reflected upon the policy options and strategies that the Government had been pursuing in the context of recent initiatives, to address the issue of black money and corruption in public life. To meet the deadline set by the Honourable Supreme Court for the previous Government, the new Government of Prime Minister Narendra Modi constituted a Special Investigation Team (SIT), soon after assuming office on May 26, 2014. Headed by Justice M.B. Shah, a former judge of the Supreme Court, SIT was notified on May 27, 2014 to look into the issue of black money. The objective of this book is to explain various facets and dimensions of black money and tax evasion and their complex relationship with the policy and administrative regime in the country. It describes the factors which lead to the generation of black money, and records various estimates of black money and tax evasion. It also presents the measures/strategies that the Government of India has been pursuing to tackle this issue, especially recent initiatives and developments. The work, using simple and non-technical language, is descriptive in nature and designed for a cross section of readers for easy understanding of this rather complex branch of fiscal economics. | ||
| 650 | 0 |
_aTax evasion _zIndia. |
|
| 650 | 0 |
_aTax evasion _xLaw and legislation _zIndia. |
|
| 650 | 0 |
_aBlack market _zIndia. |
|
| 906 |
_a7 _bcbc _ccopycat _d2 _encip _f20 _gy-gencatlg |
||
| 942 |
_2ddc _cBK _h364.13380954 _iSUR/B _k364.13380954 _mSUR/B |
||